00357nam a2200145Ia 4500003000400000005001700004008004000021040000700061041001200068082001600080100002400096245003600120260004700156300000800203OSt20230904161409.0210210b1999 xxu||||| |||| 00| 0 eng d cAL aEnglish a032.02 MANO aMANORAMA YEAR BOOK. aManorama year book 2000. Ed 35. aKerala.bManorama publishing House.,c1999 a824